000 00477nam a2200157 i 4500
001 46212
003 ES-MaACL
005 20230906161338.0
007 t|
008 030328s1961 sp ||||1| spa d
100 1 _aComas Roca, José María.
_939950
245 1 3 _aEl drama de la ausencia
_b: (la muerte de los seres amados) /
_cJosé María Comas Roca.
260 _aBarcelona :
_bMediterránea,
_c[1961]
300 _a319 p. ;
_c21 cm.
852 _aES-MaACL
_jC-21085
_bR.49630
999 _c46212
_d46212